MDQL
is popping MORE tags! Check the
thread
!
Quizzes
Events
Quiz Creation
Community
Videos
Private Events
Remove Ads
Sign In
Join for FREE
Feedback
Dark Mode
Quiz Categories
Sports
Geography
Music
Movies
Television
Just For Fun
Miscellaneous
History
Literature
Language
Science
Gaming
Entertainment
Religion
Holiday
For Kids
Quiz Lab
Recent
Popular Today
Quiz Kudos Today
Editor Picks
Curator Picks
Quizzes by...
Day
Popularity
Type
Ratings
Length
Year
Community
Subscriptions
Recent Discussions
Orange Saloon
Badges
Playlists
Quests
Create
Leaderboards
Showdown
Live 5
Trivia Bingo
Activity
Puzzle Library
Sporcle Events
Private Events
Virtual Trivia
Globe League
Become a Host
Pub Owners
SporcleCon
Opinionation
Our Games
Videos
Blog
Mobile Apps
Partnerships
Remove Ads and Go Orange
Feedback
Sports
Athletes
MLB
NBA
NHL
NFL
Soccer
Sports Teams
WWE
NCAA
Football
Premier League
Basketball
Baseball
Hockey
Golf
Tennis
Cricket
Rugby
Auto Racing
Olympics
World Cup
Sports
Athletes
MLB
NBA
NHL
NFL
Soccer
Sports Teams
WWE
NCAA
Football
Premier League
Basketball
Baseball
Hockey
Golf
Tennis
Cricket
Rugby
Auto Racing
Olympics
World Cup
Random Quiz
Search Sporcle
×
Quiz Lab
Quiz Lab
Sports
Baseball
Type in answers that appear in a list
Type in answers that appear in a list
Classic
Best Score? Go Orange.
MLB Jeopardy Stats
Can you name the Answers to these MLB Jeopardy questions?
By
GeorgiaPeach
5m
30 Questions
1,829 Plays
1,829 Plays
1,829 Plays
Comments
Comments
Give Quiz Kudos
Give Quiz Kudos
-
- Ratings
hide this ad
More Info
Replay
Link that replays current quiz
Next Quiz
Link to next quiz in quiz playlist
You Got
0%
They Got
Avg Score
35%
Avg Friend Score
Upgrade to see
Score Distribution
Jump to the score distribution portion of the page
Score
0/30
Timer
05:00
0
Plays Today
Category
Player
% Correct
Records
Pete Rose
91.4%
Teams
Red Sox
90.2%
Milestones
Babe Ruth
84.3%
World Series
Yankees
79.3%
Historic Events
Cal Ripken Jr.
64%
Teams
Orioles
63.6%
Historic Events
Joe DiMaggio
61.9%
Milestones
Walter Johnson
51.4%
Teams
Kansas City
50.1%
World Series
Bill Mazeroski
43.5%
Hall of Fame
1936
41.2%
Records
Johnny Vander Meer
36.7%
Teams
Seattle Pilots
36%
Hall of Fame
Tom Seaver
35.6%
Historic Events
36
31.1%
Category
Player
% Correct
Historic Events
Houston Astros
28%
Hall of Fame
Veterans Committee
25.3%
World Series
Philadelphia Athletics
20.5%
Milestones
Rogers Hornsby
19.4%
Records
Ralph Kiner
18.4%
Hall of Fame
Bob Feller
18%
Historic Events
Al Downing
17.2%
Milestones
Dave Winfield
14.1%
World Series
Boston Americans
12.9%
Milestones
Pud Galvin
11.2%
Teams
Louisville Colonels
8.7%
Records
Carl Hubbell
5.8%
Records
Mel Ott (led Giants in homers 18 consecutive times)
5.8%
World Series
Pepper Martin
4.4%
Hall of Fame
George Wright
2.7%
Quiz Playlist
Details
Report
Send in Message
Add To Playlist
More Info:
No need for "Who is..."
Classic:
Type in answers that appear in a list
Last Updated: Feb 16, 2017
Quiz Scoreboard
CHALLENGE
Sign Up to Join the Scoreboard
Show All
Scores
Hide
Comments
May contain spoilers
Recently Published
1-10 Letter E Words III
by El_Dandy
Language
2m
Street Fighter Characters
by Artimus82
Gaming
60s
College Basketball Coaching Resumes
by pancakes188
Sports
9m
More to Explore
Quiz From the Vault
Featured Blog Post
Where Did the Easter Bunny Come From?
hide this ad
You Might Also Like...
Tags
Baseball Quiz
MLB Quiz
Category
Jeopardy
Player
Today's Top Quizzes in Sports
Browse Sports
hide this ad
Today's Top Quizzes in Baseball
Browse Baseball
Top Contributed Quizzes in Sports
1
2022 World Cup Stars
2
Les meilleurs buteurs des matchs entre le PSG et l’OM
3
FIFA Club World Cup Champions
4
Les entraîneurs de l'OM et du PSG au 21e siècle
5
Criteria MLB: Left Handed Sluggers
6
2023 MLB Unique Player Accomplishments
7
AFC Teams Reveal (Wrong Answers Minefield)
8
Players with Multiple 50 Home Run Seasons
9
5-to-1: FBS Animal Nicknames
10
5-to-1: UK Sports Teams
Explore More
Trending Topics
Anime
Crossword
Kpop
Disney
NBA
Harry Potter
Marvel
Soccer
NFL
Song
The Office
Pokémon
Country
Puzzle
WWE
hide this ad
More By:
GeorgiaPeach
Quiz
Plays
Rating
Category
Featured
Created
Profile: George Costanza
134,538
4.49
Television
Jan 12, 2010
MLB HR Leaders by Decade
113,187
4.58
Sports
Jul 5, 2010
Most Hits With One MLB Team
69,104
4.53
Sports
Oct 5, 2009
American History: 1950s
55,674
4.31
History
Jul 11, 2011
Highest Oscar Win Percentage
49,788
4.25
Movies
Oct 3, 2009
Go to Creator's Profile
Score Distribution
Quiz Creator Spotlight
GeorgiaPeach
Follow
Send a Message
Quizzes Created
-
Created Quiz Play Count
-
More By This Creator
Popular Quizzes Today
1
Find the US States - No Outlines Minefield
2
Find the Countries of Europe - No Outlines Minefield
3
Find the US States
4
The Countries of the World
5
Risky Map Clicking: Biggest States A-Z
6
US States
7
Popular People in 1961
8
Movies - When Are They Set?
More Sports Quizzes
MLB 500 HR & 3000 Hit Club
Published
Trending Quizzes
Risky Map Clicking: Least Populous States A-Z
1-10 Letter G Words
Countries of the World: 200 Million BC
1-10 Letter F Words
Risky Map Clicking: Next State Alphabetically
Recently Updated
Largest US Cities 1790-2010
pecheneg
Rides in Walt Disney World
pecheneg
Most Oscar Losses (Acting)
pecheneg
Beyoncé Albums
pecheneg
Leaping Animals
pecheneg
Reality TV Shows (A-Z)
bhenderson79
Rickey Henderson's Hall of Fame Teammates
pecheneg
Champions League XIs: Arsenal
pecheneg
Quick Pick: Celebrities in WWE's Hall of Fame
aduchscher
A-Z Keypad Blitz II
pecheneg
Trending Topics
Crossword
Disney
Marvel
Harry Potter
Kpop
Anime
NBA
Pokémon
Song
The Office
NFL
Puzzle
WWE
Country
Soccer
Your Account Isn't Verified!
In order to create a playlist on Sporcle, you need to verify the email address you used during registration. Go to your
Sporcle Settings
to finish the process.
Report this User
Report this user for behavior that violates our
Community Guidelines
.
Details:
Send Report
Go to the Sporcle.com Mobile Site →
Comments